Principles of business data processing with MIS ... including BASIC / (Record no. 185034)

000 -LEADER
fixed length control field 02049 a2200265 4500
003 - CONTROL NUMBER IDENTIFIER
control field Nust
005 - DATE AND TIME OF LATEST TRANSACTION
control field 20230113155859.0
010 ## - LIBRARY OF CONGRESS CONTROL NUMBER
LC control number 80022877
020 ## - INTERNATIONAL STANDARD BOOK NUMBER
International Standard Book Number 0574213058 :
040 ## - CATALOGING SOURCE
Transcribing agency Nust
082 00 - DEWEY DECIMAL CLASSIFICATION NUMBER
Classification number 651.8,DOC
100 1# - MAIN ENTRY--PERSONAL NAME
Personal name Dock, V. Thomas.
9 (RLIN) 106809
245 10 - TITLE STATEMENT
Title Principles of business data processing with MIS ... including BASIC /
Statement of responsibility, etc. V. Thomas Dock, Edward L. Essick.
250 ## - EDITION STATEMENT
Edition statement 4th ed.
260 ## - PUBLICATION, DISTRIBUTION, ETC.
Place of publication, distribution, etc. Chicago :
Name of publisher, distributor, etc. Science Research Associates,
Date of publication, distribution, etc. c1981.
300 ## - PHYSICAL DESCRIPTION
Extent xvii, 617 p. :
Other physical details ill. ;
Dimensions 25 cm.
500 ## - GENERAL NOTE
General note Includes index.
500 ## - GENERAL NOTE
General note Third ed. published in 1978 under title: Principles of business data processing, with BASIC.
505 ## - FORMATTED CONTENTS NOTE
Formatted contents note Some Fundamentals of Data Processing (Page-1), Introduction to Data Processing (Page-3), Data Processing Applications (Page-17), System Analysis and Design (Page-45), Computer Systems (Page-57), Introduction to Computer Systems (Page-59), Computer Concepts (Page-73), Basic Input and Output Devices (Page-101), Magnetic Tape Input and Output (Page-119), Mass Storage Devices (Page-145), A Special Purpose Input and Output Devices (Page-165), Computer Systems (Page-201), Computer Programming and Design (Page-225), program Flowcharting (Page-227), The Programming Cycle (Page-249), Top down Program Design and Structured Programming (Page-267), An Overview of Programming Languages (Page-279), An Overview of Systems (Page-313), Overlapped Systems (Page-315), Introduction to Operating Systems (Page-329), Introduction to Data Communications (Page-347), Management Information Systems (Page-363), Management Information Systems (Page-363), Management Information Systems (Page-365), Management Information Systems Applications (Page-385), Data Processing Management and the Computer Industry (Page-415), The organization and the Data Processing Department (Page-415).
650 #0 - SUBJECT ADDED ENTRY--TOPICAL TERM
Topical term or geographic name entry element BASIC (Computer program language)
9 (RLIN) 783
650 #0 - SUBJECT ADDED ENTRY--TOPICAL TERM
Topical term or geographic name entry element Business
General subdivision Data processing.
9 (RLIN) 3217
650 #0 - SUBJECT ADDED ENTRY--TOPICAL TERM
Topical term or geographic name entry element Management information systems.
700 1# - ADDED ENTRY--PERSONAL NAME
Personal name Essick, Edward L.,
9 (RLIN) 106810
942 ## - ADDED ENTRY ELEMENTS (KOHA)
Source of classification or shelving scheme
Koha item type Book
Holdings
Withdrawn status Lost status Source of classification or shelving scheme Damaged status Not for loan Permanent Location Current Location Shelving location Date acquired Full call number Barcode Date last seen Price effective from Koha item type Public note Collection code Total Checkouts
          Military College of Signals (MCS) Military College of Signals (MCS) General Stacks 12/12/2016 651.8,DOC MCS1883 12/08/2016 12/12/2016 Book Almirah No.42, Shelf No.3    
          Military College of Signals (MCS) Military College of Signals (MCS) General Stacks 12/12/2016 651.8,DOC MCS1884 12/08/2016 12/12/2016 Book Almirah No.75, Shelf No.1    
          Military College of Signals (MCS) Military College of Signals (MCS) General Stacks 12/12/2016 651.8,DOC MCS1885 12/08/2016 12/12/2016 Book Almirah No.75, Shelf No.1    
          Military College of Signals (MCS) Military College of Signals (MCS)   12/12/2016 651.8 DOC MCS1887 12/08/2016 12/12/2016 Book      
© 2023 Central Library, National University of Sciences and Technology. All Rights Reserved.